Statistics for Country Name Etymology

Click here to take the quiz!

General Stats

  • This quiz has been taken 2,116 times
    (2,068 since last reset)
  • The average score is 18 of 27

Answer Stats

English Name EtymologyCountry Name% Correct
Land of the FranksFrance
96%
ÍslandLand of IceIceland
95%
NederlandLower CountriesNetherlands
94%
Land of BengalBangladesh
91%
GermanNorwegenNorthern WayNorway
91%
SchweizComes from the region SchwyzSwitzerland
91%
Spanish for "The Savior"El Salvador
89%
FrenchCap VertMeaning Green CapeCape Verde
88%
HellasLand of the HellenesGreece
84%
Land of the AnglesEngland
83%
ArabicAl-HindLand of the Indus RiverIndia
80%
ChineseRìběn"Sun Origin"Japan
78%
SpanishAlemaniaNamed after the Alamanni tribe of central EuropeGermany
72%
Land of the MauriMauritania
70%
ZhōngguóCentral states/nationChina
62%
GreekErythraíaLand of the Red SeaEritrea
61%
Derived from the name of the Latgalian tribeLatvia
54%
TurkishHırvatistanLand of the HrvatiCroatia
51%
FilasṭīnNamed after the Philistines of CanaanPalestine
50%
RussianKitayNamed after the Manchurian Khitan tribeChina
44%
PersianYūnānLand of the IoniansGreece
43%
ShqipëriLand of EaglesAlbania
42%
Named after the Goryeo kingdomKorea
42%
Possibly from the name of the Aesti peopleEstonia
41%
HangukLand of the HanSouth Korea
37%
MaṣrNamed after Mizraim, Noah's grandson through HamEgypt
31%
From Greek, meaning burnt faceEthiopia
18%

Score Distribution

Percentile by Number Answered

Percent of People with Each Score

Your Score History

You have not taken this quiz since the last reset